Przyporządkuj film/serial do odpowiedniego bohatera - Statystyki

Ogólne statystyki
  • Ten quiz został rozwiązany 396 razy
  • Średni wynik to 19 z 80
Statystyki odpowiedzi
Postać Odpowiedź % Poprawnych
Jack Sparrow Piraci z Karaibów
93%
Neo Matrix
87%
Forrest Gump Forrest Gump
85%
Arthur Fleck Joker / Mroczny Rycerz / Batman
85%
Jerzy Killer Killer / Killer-ów 2-óch
82%
Severus Snape Harry Potter
80%
Bilbo Baginns Hobbit
76%
Dr Hannibal Lecter Milczenie owiec / Czerwony smok / Hannibal
73%
Rocky Balboa Rocky / Creed
73%
Berlin Dom z papieru
67%
Walter White Breaking Bad
65%
Michael Corleone Ojciec Chrzestny
62%
Mace Windu Gwiezdne Wojny
59%
Gimli Władca Pierścieni
59%
Steve Rogers Kapitan Ameryka
56%
John Rambo Rambo: Pierwsza Krew / Rambo: Ostatnia Krew
36%
Jack Dawson Titanic
33%
Czarna Mamba Kill Bill
31%
Batman (George Clooney) Batman i Robin
30%
Jack Torrance Lśnienie
30%
Rick Dalton Pewnego razu w Hollywood
30%
Tyler Durden Podziemny krąg / Fight Club
29%
James Francis Ryan Szeregowiec Ryan
28%
Jordan Belfort Wilk z Wall Street
28%
"Gebels" PitBull
27%
Henryk Kwinto Vabank
27%
Hans Gruber Szklana Pułapka
25%
Butch Coolidge Pulp Fiction
23%
Jason Voorhees Piątek Trzynastego
21%
El Stranger Things
21%
Charles Foster Kane Obywatel Kane
20%
Axel Foley Gliniarz z Beverly Hills
18%
Bezimienny rewolwerowiec Dobry, zły i brzydki
17%
złodziej Marv Kevin sam w domu / Kevin sam w Nowym Jorku
17%
Maks Paradys Seksmisja
14%
Martin Riggs Zabójcza Broń
14%
Sidney Prescott Krzyk
13%
Travis Bickle Taksówkarz
13%
James Conway Chłopcy z ferajny
12%
Dr. Alan Grant Jurassic Park / Park Jurajski
12%
Johnny Castle Dirty Dancing
11%
Laurie Strode Halloween
11%
Annie Wilkes Misery
11%
"Snake" Plissken Ucieczka z Nowego Jorku / Ucieczka z L.A.
11%
Paweł Zawrotny Bad Boy
9%
generał Grievous Gwiezdne Wojny: Zemsta Sithów
9%
sierżant Hartman Pełny Magazynek / Full Metal Jacket
9%
Martin Brody Szczęki
8%
Stanley Kowalski Tramwaj zwany pożądaniem
8%
Hugh Glass Zjawa
8%
Mike Lowrey Bad Boys
7%
Rick Blaine Casablanca
7%
Alvy Singer Annie Hall
6%
Darius Kincaid Bodyguard. Zawodowiec
6%
J.J. Gites Chinatown
6%
John Spartan Człowiek-demolka
6%
Henry Fonda Dwunastu gniewnych ludzi
6%
Nicky Santoro Kasyno
6%
John Matrix Komando
6%
Akeem Książę w Nowym Jorku
6%
Lutek Danielak Wodzirej
6%
Frank Slade Zapach Kobiety
5%
Jonathan Jack O'Neil Gwiezdne Wrota
4%
Gi-taek Parasite
4%
Leonard Lowe Przebudzenia
4%
James Cole 12 małp
3%
Chuck Noland Cast Away: Poza światem
3%
Dr. Jack Griffin Niewidzialny człowiek
2%
Lorenzo Anello Prawo Bronxu
2%
porucznik Mike Harrigan Predator 2
2%
Edward Lewis Pretty Woman
2%
Del Griffith Samoloty, pociągi i samochody
2%
Henry Evans Synalek
2%
Dani Ramos Terminator: Mroczne Przeznaczenie
2%
Buck Russel Wujaszek Buck
2%
Roy Neary Bliskie spotkania trzeciego stopnia
1%
John Macreedy Czarny dzień w Black Rock
1%
Willie Stark Gubernator
1%
Willie Scott Indiana Jones: Świątynia zagłady
1%
czarnoksiężnik Tim Monthy Python i święty Graal
1%
Nie znaleziono quizów pasujących do podanych kryteriów
Rozkład punktacji
Procent ludzi z każdym wynikiem
Percentyl według liczby udzielonych odpowiedzi
Twoja historia wyników
Nie rozwiązałeś tego quizu